000 00724nam a2200217Ia 4500
001 3380
003 GE_BSU
008 181216s||||||||xx |||||||||||||| ||und||
040 _cGE_BSU
080 _a621.01(075.8)
100 _aჯაბუა, გ.
245 _aმექანიზმებისა და მანქანების თეორია
245 _bსახელმძღ.
245 _cრედ. ლ. მაღულარია
260 _aთბილისი
260 _bგანათლება
260 _c1990
300 _a427 გვ. 20 სმ.
653 _aმექანიზმებისა და მანქანების თეორია
942 _cBK
999 _c37421
_d37421